| 000 | 00863cam a2200277 4500 | ||
|---|---|---|---|
| 001 | 1714615 | ||
| 003 | OSt | ||
| 005 | 20230626085958.0 | ||
| 008 | 731106r1973 nyua b 001 0 eng | ||
| 010 | _a 72005019 | ||
| 020 | _a0405041632 | ||
| 040 |
_aDLC _cDLC _dDLC |
||
| 043 | _an-us--- | ||
| 082 | 0 | 0 |
_a331 _bMOR |
| 245 | 0 | 0 |
_aLabor and management. _cRichard B. Morris, advisory editor. |
| 260 |
_aNew York, _bNew York times, _c1973. |
||
| 300 |
_ax, 508 p. _billus. _c29 cm. |
||
| 440 | 4 | _aThe Great contemporary issues | |
| 500 | _aSelected articles from the New York times. | ||
| 504 | _aBibliography: p. 497. | ||
| 650 | 0 |
_aIndustrial relations _zUnited States _xHistory. |
|
| 700 | 1 |
_aMorris, Richard B. _q(Richard Brandon), _d1904-1989, _eed. |
|
| 730 | 0 | _aNew York times. | |
| 906 |
_a7 _bcbc _corignew _d2 _eocip _f19 _gy-gencatlg |
||
| 942 |
_2ddc _cBK |
||
| 999 |
_c2597 _d2597 |
||